[Event "Moscow Open-F 2019"]
[Site "Moscow"]
[Date "2019.02.01"]
[Round "8"]
[White "Nyudleev, Dolgan"]
[Black "Thing, Bibek"]
[Result "1-0"]
[WhiteElo "2333"]
[BlackElo "2264"]
[Annotator "TA"]
[PlyCount "32"]
[EventDate "2019.01.26"]
[EventType "swiss"]
[EventCountry "RUS"]
[SourceTitle "playchess.com"]
[Source "ChessBase"]
[SourceQuality "1"]

{[%evp 22,32,4,-8,503,507,534,533,532,526,525,533,605]} 1. e4 c5 2. Nf3 d6 3. d4 cxd4 4. Qxd4 Nc6 5. Bb5 Bd7 6. Bxc6 Bxc6 7. Nc3 e6 (7... Nf6 8. Bg5 {½-½ (17) Moroz,R (2403)-Blednov,S (2471) Golubitskaya 2017}) 8. Bg5 Nf6 9. O-O-O Be7 10. Rhe1 O-O 11. e5 dxe5 12. Qh4 Nd5 $2 {[%mdl 8192] [#] B53: Sicilian: 2...d6: Lines with Qxd4} (12... Qa5 $11 {and Black has nothing to worry.}) (12... Qc7 13. Nxe5 Rfd8 14. Ng4 Rxd1+ 15. Rxd1 Nxg4 16. Bxe7 Qf4+ 17. Rd2 Qf5 {½-½ (17) Moroz,R (2403)-Blednov,S (2471) Golubitskaya 2017}) 13. Rxd5 $1 $18 {[%mdl 512] White is clearly winning.} Bxd5 $146 ({Predecessor:} 13... Qc7 14. Bxe7 exd5 15. Bxf8 d4 16. Bxg7 Kxg7 17. Qg5+ Kf8 18. Qh6+ Kg8 19. Rxe5 {1-0 (19) Loy,K (1962)-Lenda,L Barlinek 2007}) 14. Bxe7 Qa5 15. Bxf8 Rxf8 16. Rxe5 Qd8 1-0

[Event "Moscow Open-F 2019"]
[Site "Moscow"]
[Date "2019.02.01"]
[Round "8"]
[White "Ivlev, Aleksey"]
[Black "Mamatov, Melis"]
[Result "0-1"]
[WhiteElo "2326"]
[BlackElo "2203"]
[Annotator "TA"]
[PlyCount "66"]
[EventDate "2019.01.26"]
[EventType "swiss"]
[EventCountry "RUS"]
[SourceTitle "playchess.com"]
[Source "ChessBase"]
[SourceQuality "1"]

{[%evp 11,66,2,54,48,35,30,52,28,47,22,10,10,25,29,104,116,89,92,86,-93,-98,-87,0,-47,-41,-73,-58,-57,-42,-45,0,-14,-11,-166,-24,-66,-48,-322,-352,-848,-837,-833,-804,-985,-965,-1012,-1075,-1396,-1368,-1983,-1936,-29972,-154,-29991,-29992,-29994,-29995]} 1. e4 c5 $146 (1... e6 2. d4 d5 3. e5 c5 {½-½ (40) Lopez Martinez,J (2555)-Edouard,R (2657) Barcelona 2013}) ({Predecessor:} 1... e6 2. d4 d5 3. e5 c5 {½-½ (54) Frank Nielsen,M (2016)-Yssing,K (2031) Copenhagen 2013}) 2. c3 e6 3. d4 d5 4. e5 Nc6 5. Nf3 f6 (5... Bd7 6. Bd3 {½-½ (40) Lopez Martinez,J (2555)-Edouard,R (2657) Barcelona 2013}) 6. Bd3 Bd7 (6... fxe5 $11 7. dxe5 (7. Nxe5 Nf6 $11) 7... Nh6) ({Predecessor:} 6... fxe5 7. dxe5 Qc7 8. Bf4 Bd7 {½-½ (54) Frank Nielsen,M (2016)-Yssing,K (2031) Copenhagen 2013}) 7. O-O $14 {C02: French: Advance Variation} fxe5 8. dxe5 Qc7 (8... Nh6 9. c4 dxc4 10. Bxc4 Nf7 11. Re1 Be7 12. Bf4 Na5 13. Bd3 Bc6 14. Qe2 O-O {½-½ (40) Lopez Martinez,J (2555)-Edouard,R (2657) Barcelona 2013}) 9. Bf4 {White is slightly better.} Nge7 ({Predecessor:} 9... O-O-O 10. a4 Be7 11. Na3 Rf8 12. Nb5 Qd8 13. Bg3 h5 14. h4 {½-½ (54) Frank Nielsen,M (2016)-Yssing,K (2031) Copenhagen 2013}) 10. Ng5 g6 11. Qg4 Bh6 12. Re1 Rf8 (12... O-O $11 {remains equal.}) 13. Qh4 $16 Bxg5 14. Bxg5 Rf7 15. f4 $2 (15. Nd2 $16) 15... c4 $17 16. Bf1 {[#]} Ng8 ({Black should play} 16... h6 $1 $17 {[%mdl 512]} 17. Bxe7 (17. Bxh6 Nf5) 17... Nxe7) 17. b3 (17. f5 $5) 17... cxb3 18. axb3 h6 $1 $36 {[%cal Rh6g5][%mdl 2048] Black fights for an advantage.} 19. Bf6 $1 ({Wrong is} 19. Bxh6 $2 Qb6+ 20. Kh1 Rh7 $19) 19... Nxf6 20. exf6 {Hoping for Bd3.} Qd8 21. Qxh6 {Qh8+ is the strong threat.} Qxf6 22. g3 $2 {[#]} (22. b4 $11 {and White has nothing to worry.}) 22... O-O-O (22... Nd4 $1 $19 {[%cal Rd4c2][%mdl 512] And now ...Nc2 would win.} 23. Rd1 (23. cxd4 Qxd4+) 23... Nf3+ 24. Kg2 Ke7) 23. Bd3 e5 24. Ra4 $2 {[%mdl 8192]} (24. Qxg6 $15 exf4 25. Qxf6 Rxf6 26. Nd2) 24... e4 $19 25. Be2 $2 (25. Bb5 Ne5 26. Bxd7+ Rdxd7 27. Nd2) 25... Rh8 26. Qg5 Qd6 {White must now prevent ...Qc5+.} 27. h4 Rf5 28. Qg4 Rfh5 29. f5 Rxf5 30. Rd4 Ne5 31. Qxe4 {[#]} Nf3+ $1 {[%mdl 576] Double Attack, Discovered Attack} 32. Kh1 $2 (32. Bxf3 $17 Qxg3+ {[%mdl 64] Double Attack} 33. Kf1 Bb5+ 34. c4 dxe4 35. Nd2 exf3 36. Re3 Qg2+ 37. Ke1 f2+ 38. Kd1 f1=Q+ 39. Kc2 Qa1 40. Rd6 Rf1 41. Kd3 Rxh4 42. Rc6+ Qxc6 43. Re4 Qd5+ 44. Rd4 Qdxd4+ 45. Ke2 Rh2#) 32... Qxg3 {[%cal Rg3h3][%mdl 64] Double Attack} 33. Bxf3 dxe4 {Accuracy: White = 23%, Black = 65%.} 0-1

[Event "Moscow Open-F 2019"]
[Site "Moscow"]
[Date "2019.02.01"]
[Round "8"]
[White "Kovalev, Egor"]
[Black "Jaiswal, Rupesh"]
[Result "1/2-1/2"]
[WhiteElo "2234"]
[BlackElo "2141"]
[Annotator "TA"]
[PlyCount "152"]
[EventDate "2019.01.26"]
[EventType "swiss"]
[EventCountry "RUS"]
[SourceTitle "playchess.com"]
[Source "ChessBase"]
[SourceQuality "1"]

{[%evp 9,152,27,36,41,41,44,33,25,28,22,23,17,25,32,30,30,67,31,29,33,43,39,50,33,30,22,42,25,41,17,77,76,77,56,91,93,128,128,145,139,139,138,168,132,133,121,131,116,117,118,203,195,202,193,237,211,220,228,214,206,248,246,250,245,333,269,282,282,309,273,276,185,248,257,316,310,352,312,365,356,426,327,330,345,331,303,337,291,620,520,425,493,734,728,619,0,0,0,0,0,0,0,0,0,0,0,0,0,0,0,0,0,0,0,0,0,0,0,0,0,0,0,0,0,0,0,0,0,0,0,0,0,0,0,0,0,0,0,0,0,0,0,0,0,0]} 1. Nf3 ({Predecessor:} 1. c4 Nf6 {0-1 (58) Ivanov,J (2446)-Bernard,J (2201) Seville 2003}) 1... Nf6 2. c4 g6 3. Nc3 d5 4. Qa4+ $146 (4. cxd5 Nxd5 5. g3 Bg7 6. Bg2 O-O 7. h4 Nc6 8. h5 e5 9. Nxd5 Qxd5 10. d3 Bg4 11. hxg6 hxg6 12. Rh4 Bxf3 13. Bxf3 Qd6 14. Qa4 Nd4 15. Bxb7 {0-1 (44) Jakovenko,D (2735)-Sjugirov,S (2663) St Petersburg 2018}) 4... Bd7 5. Qb3 Bc6 6. Ne5 {A16: English Opening: 1...Nf6 with ...d5} dxc4 7. Qxc4 {[%csl Ge5][%cal Rc4f7]} e6 8. Nxc6 {White is slightly better.} Nxc6 9. g3 Qd4 10. Qb5 Qb6 11. Bg2 Qxb5 ({Predecessor:} 11... Bg7) 12. Nxb5 Kd7 13. b3 Nb4 {White must now prevent ...Nc2+.} 14. Bb2 (14. Bxb7 $2 Rb8 $19) 14... Bg7 {Black wants to play ...Nc2+.} 15. O-O ({Not} 15. Bxb7 $2 Rab8 $19) 15... c6 16. Na3 (16. a3 {with more complications.} Nc2 17. Ra2 cxb5 18. Rc1 Rac8 19. Bxb7 Rb8 20. Bf3) 16... Ne8 17. d4 Nd6 18. Rfd1 Rhd8 19. e4 Nc8 (19... Kc7 $11) 20. Bc3 $36 {[%mdl 2048] White is on the roll.} Na6 21. Nc4 Nd6 22. a4 Nxc4 23. bxc4 Kc7 24. e5 Rac8 25. Ba5+ b6 26. Bc3 Bf8 27. Rdb1 Rb8 28. Rb2 Kd7 29. Rab1 c5 {[#]} (29... Be7 $16 {keeps fighting.} 30. h4 Nc7) 30. d5 $1 $18 Nb4 31. Rd1 a5 32. Re2 Bg7 33. Red2 {Threatens to win with dxe6+.} Ke7 34. Bh3 Bh6 {[#]} 35. f4 $1 Na6 36. Kf2 Rb7 37. Kf3 Rbd7 38. Ke4 Nb4 39. Bg2 Bg7 40. Bf3 f5+ (40... f6 $142 41. Bg2 h5) 41. Ke3 h5 42. h3 Bh6 43. g4 hxg4 44. hxg4 fxg4 45. d6+ Ke8 46. Bxg4 Rf7 47. Rf2 ({Weaker is} 47. Bxe6 Rxf4 48. Ke2 Re4+ 49. Kf3 Re3+ 50. Kg2 Bg7 $16) 47... Kd7 48. Rh1 Bg7 $2 (48... Rh8 49. Ke4 Nc6) 49. Bf3 Rdf8 50. Rh7 Nc6 (50... Kd8 $142 51. Ke2 Bh8 52. Rxf7 Rxf7) 51. Rg2 Nd4 52. Rxg6 $2 (52. Be4 $18) 52... Bxe5 $1 $11 {[%mdl 64] Double Attack. The position is equal.} 53. Rxf7+ ({Don't blunder} 53. fxe5 $2 Nf5+ 54. Kd3 Rxh7 $19) 53... Rxf7 54. fxe5 Rxf3+ $18 {[%mdl 4096] Endgame KRB-KRN} 55. Kd2 Rf2+ 56. Kd1 {And now Bxd4 would win.} Rf1+ 57. Be1 Nf3 58. Rg7+ Kc8 59. Rc7+ Kd8 60. Ke2 Rxe1+ 61. Kxf3 Rxe5 $11 {KR-KR} 62. Rb7 Re1 63. Rxb6 Kd7 64. Ra6 Rc1 65. Ke4 Re1+ 66. Kd3 Rd1+ 67. Kc3 Rc1+ 68. Kd3 Rd1+ 69. Kc2 Rd4 70. Kc3 Rh4 71. Rxa5 Kxd6 72. Ra6+ Ke5 73. a5 Rh3+ 74. Kb2 Kd4 75. Rxe6 Kxc4 76. a6 Rb3+ {Accuracy: White = 76%, Black = 56%.} 1/2-1/2

[Event "Moscow Open-F 2019"]
[Site "Moscow"]
[Date "2019.02.01"]
[Round "8"]
[White "Kovalev, Egor"]
[Black "Jaiswal, Rupesh"]
[Result "*"]
[WhiteElo "2234"]
[BlackElo "2141"]
[Annotator "TA"]
[PlyCount "32"]
[EventDate "2019.01.26"]
[EventType "swiss"]
[EventCountry "RUS"]
[SourceTitle "playchess.com"]
[Source "ChessBase"]
[SourceQuality "1"]

{[%evp 9,32,77,514,63,63,83,83,38,45,37,42,34,28,28,45,53,70,38,65,58,588,-336,537,-604,485]} 1. Nf3 ({Predecessor:} 1. c4 g6 2. Nc3 Nh6 {½-½ (76) Corvi,M (2235)-Remmler,M Verona 1997}) 1... Nh6 $146 (1... d5 2. g3 g6 3. c4 dxc4 4. Na3 Bg7 5. Nxc4 Nc6 6. d3 e5 7. Bd2 Nge7 8. h4 h6 9. Bc3 f6 10. Ne3 Be6 11. h5 g5 {0-1 (72) Grischuk,A (2771)-Nepomniachtchi,I (2763) St Petersburg 2018}) 2. c4 g6 3. Nc3 d5 ({Predecessor:} 3... d6 4. d3 Bg7 5. Bg5 f6 6. Bd2 O-O 7. e4 Nf7 8. Be2 e5 9. h4 Nc6 10. h5 {½-½ (76) Corvi,M (2235)-Remmler,M Verona 1997}) 4. Qa4+ Bd7 5. Qb3 Bc6 $2 {[%mdl 8192] [#]} (5... d4 $16 {is more resistant.}) 6. Ne5 $2 {A04: Unusual lines after 1 Nf3 and King's Indian Attack} (6. cxd5 $18 Qd7 7. d4) 6... dxc4 $14 7. Qxc4 e6 8. Nxc6 {White is better.} Nxc6 9. g3 Qd4 10. Qb5 Qb6 11. Bg2 Qxb5 12. Nxb5 Kd7 13. b3 Nb4 {[#] ...Nc2+ is the strong threat.} 14. Bb2 Bg7 $2 {[%mdl 8192]} ({Black should play} 14... Rg8 $14) 15. O-O $4 {[%mdl 8192]} (15. Bxg7 $18 Nc2+ 16. Kd1 Nxa1 17. Bxh6) 15... c6 $4 {[%mdl 8192]} (15... Bxb2 $19 16. Rab1 Bg7) 16. Na3 $4 {[%mdl 8192]} (16. Bxg7 $18 cxb5 17. Bxh6) 16... Rhd8 $4 {[%mdl 8192] Accuracy: White = 11%, Black = 37%.} (16... Bxb2 $19 {avoids the disaster.} 17. Nc4 Bxa1 18. Rxa1 Rad8) *

[Event "Moscow Open-F 2019"]
[Site "Moscow"]
[Date "2019.02.01"]
[Round "8"]
[White "Teiitbaev, Aktilek"]
[Black "Chernyavsky, Alexander"]
[Result "0-1"]
[WhiteElo "2229"]
[BlackElo "2357"]
[Annotator "TA"]
[PlyCount "139"]
[EventDate "2019.01.26"]
[EventType "swiss"]
[EventCountry "RUS"]
[SourceTitle "playchess.com"]
[Source "ChessBase"]
[SourceQuality "1"]

{[%evp 14,139,51,-16,-4,-2,0,-34,-3,-16,-9,-3,-2,-4,-7,-24,-22,-50,-28,-93,-32,-22,-10,-158,-150,-159,-154,-156,-146,-145,-158,-173,-160,-158,-75,-75,-75,-75,-75,-74,-72,-75,-75,-79,-75,-75,-56,-75,-41,-75,-75,-75,-75,-75,-75,-75,-75,-75,-75,-75,-75,-75,-75,-67,-67,-136,-143,-136,-111,-112,-112,-119,-109,-137,-137,-137,-137,-137,-137,-137,-137,-137,-137,-136,0,-549,-551,-446,-407,-505,-525,-1779,-1723,-5812,-29959,-29959,-29962,-29960,-29961,-29962,-29965,-29968,-29971,-29966,-29964,-29963,0,-1368,-1303,-29964,-12827,-29957,-677,-12359,-11543,-29979,-29979,-29979,-29980,-29987,-29988,-29988,-29989,-29990,-29991,-29991,-29992,-29997]} 1. e4 e6 2. d4 d5 3. Nc3 Bb4 4. e5 Ne7 ({Predecessor:} 4... c5 5. a3 Bxc3+ 6. bxc3 {½-½ (51) Foltys,J-Opocensky,K Podebrady 1936}) 5. a3 $146 (5. Bd3 c5 6. a3 Bxc3+ 7. bxc3 Nbc6 {1-0 (43) Thorhallsson,T (2418)-Barseghyan,H (2467) chess.com INT 2018}) 5... Bxc3+ 6. bxc3 c5 7. Qg4 ({Predecessor:} 7. Bd3 Nbc6 {½-½ (51) Foltys,J-Opocensky,K Podebrady 1936}) 7... Nbc6 8. Bd3 (8. Qxg7 $14 Rg8 9. Qxh7) 8... Qa5 {C18: French: 3 Nc3 Bb4: Main line: 7 h4 and 7 Qg4} (8... O-O 9. Nf3 Ng6 10. h4 f5 11. Qg3 Qa5 12. Bd2 Qa4 13. h5 Nge7 14. dxc5 Qg4 15. Rh4 Qxg3 16. fxg3 Bd7 {1-0 (43) Thorhallsson,T (2418)-Barseghyan,H (2467) chess.com INT 2018}) ({Predecessor:} 8... c4 9. Be2 Qa5 {½-½ (51) Foltys,J-Opocensky,K Podebrady 1936}) 9. Bd2 $1 c4 10. Be2 Nf5 {Black is slightly better.} 11. Nf3 Bd7 12. Nh4 Nce7 {[%cal Bc6e7,Be7f5,Bf5d4][%mdl 32]} 13. Nxf5 Nxf5 14. Qf3 ({Predecessor:} 14. Qh5 Ba4 15. g4 Nxd4 16. cxd4 {½-½ (51) Foltys,J-Opocensky,K Podebrady 1936}) 14... h5 15. Rb1 Bc6 16. Rb4 (16. Ra1 $11) 16... O-O-O ({Better is} 16... Qxa3 $17 17. Rb1 a5) 17. O-O $15 Qxa3 (17... Rdg8 {feels hotter.} 18. Bg5 Kb8 19. Ra1 Rf8 20. Bc1 f6) 18. Bg5 {[#]} (18. g3 $11) 18... Nxd4 $1 $17 {[%mdl 512]} 19. cxd4 Qxb4 20. Bxd8 Kxd8 21. Qxf7 Qe7 22. Qg6 Be8 23. Qg3 g6 ({Black should play} 23... b6 24. f4 Rf8) 24. Ra1 a6 25. Qc3 Rh7 26. Qa5+ Kc8 27. Qb6 Bb5 28. g3 Kb8 29. h4 Qd7 30. f4 Re7 31. Qa5 Qc7 32. Qb4 b6 33. Bf1 Kb7 34. Bh3 Re8 35. c3 Qe7 36. Qb1 Rg8 37. Ra2 Kc7 38. Rb2 Kd8 39. Rxb5 (39. Ra2 $15) 39... axb5 40. Qxb5 $15 {[%mdl 4096] Endgame KQR-KQB} Kc7 41. Qa6 {Threatens to win with Qa7+.} Rb8 42. Qa7+ Rb7 43. Qa8 b5 $1 {[%cal Rb5b4]} 44. Qa6 Qd7 $1 45. Bxe6 Qc6 $36 {[%mdl 2048] Black is on the roll.} 46. Qa5+ Qb6 47. Qxb6+ Rxb6 48. Bxd5 $17 {KR-KB} Ra6 (48... b4 $17 49. cxb4 c3) 49. Kf2 $2 {[%mdl 8192]} (49. Be4 $1 $11) 49... Ra2+ $1 $19 50. Ke3 Rc2 51. Bf7 Rxc3+ 52. Ke4 {intending d5.} Rxg3 53. d5 c3 54. d6+ Kd7 55. Bb3 Rg2 56. Kd3 b4 57. Ba4+ Kd8 58. Bb3 Rf2 59. Ba4 Rg2 (59... Rh2 $142 60. Bb3 Rb2 61. Ba4 Rd2+ 62. Ke3 Ra2 63. Bb3 Ra3 64. Bc2 b3 65. Bxg6 Ra1 66. e6 Re1+ 67. Kd4 c2 68. e7+ Rxe7 $1 {[%mdl 576] Promotion} 69. dxe7+ Kxe7 70. Bxh5 c1=Q 71. Bg6 Qg1+ 72. Kc4 Qxg6 73. Kxb3 Qg4 74. Kc3 Qxh4 75. f5 Qe4 76. f6+ Kxf6 77. Kb3 Qd3+ 78. Kb4 Ke5 79. Kc5 Qc3+ 80. Kb6 Kd6 81. Ka7 Qb2 82. Ka8 Kc7 83. Ka7 Qb7#) 60. Bb3 Ke8 61. Ba4+ Kf8 62. Bb3 Rf2 (62... Rd2+ $142 63. Kc4 c2 64. Bxc2 Rxc2+ 65. Kxb4 Ke8 66. e6 Rh2 67. f5 Rxh4+ 68. Kb5 gxf5 69. Kc6 Rc4+ 70. Kd5 Re4 71. Kc6 Rc4+ 72. Kd5 Re4 73. Kc6 h4 74. Kb7 h3 75. Kc7 Rc4+ 76. Kb7 h2 77. Kb6 h1=Q 78. d7+ Ke7 79. d8=B+ Kxd8 80. e7+ Kxe7 81. Ka6 Qc6+ 82. Ka7 Ra4+ 83. Kb8 Ra8#) 63. Ba4 Rb2 64. Ke3 c2 {Black mates.} 65. Kd2 {[#]} b3 $1 66. e6 {[#]} Rb1 $1 67. e7+ Kg7 68. e8=Q c1=Q+ 69. Kd3 Qc2+ 70. Kd4 {Accuracy: White = 47%, Black = 69%.} 0-1

[Event "Moscow Open-F 2019"]
[Site "Moscow"]
[Date "2019.02.01"]
[Round "8"]
[White "Velichko, Arseny"]
[Black "Bazarov, Vladimir"]
[Result "1-0"]
[WhiteElo "2223"]
[BlackElo "1800"]
[Annotator "ChessBase"]
[PlyCount "143"]
[EventDate "2019.01.26"]
[EventType "swiss"]
[EventCountry "RUS"]
[SourceTitle "playchess.com"]
[Source "ChessBase"]
[SourceQuality "1"]
[TimeControl "40/5400+30:1800+30"]

1. d4 {[%emt 0:00:00]} d5 {[%emt 0:00:00]} 2. c4 {[%emt 0:00:00]} c6 {[%emt 0:00:00]} 3. Nf3 {[%emt 0:00:00]} Nf6 {[%emt 0:00:05]} 4. e3 {[%emt 0:00:00]} Bg4 {[%emt 0:03:29]} 5. Qb3 {[%emt 0:00:07]} Qb6 {[%emt 0:02:34]} 6. Nc3 {[%emt 0:01:05]} dxc4 {[%emt 0:05:02]} 7. Bxc4 {[%emt 0:00:17]} Qxb3 {[%emt 0:00:22]} 8. Bxb3 {[%emt 0:00:38]} e6 {[%emt 0:02:57]} 9. O-O {[%emt 0:03:16]} Nbd7 {[%emt 0:01:23]} 10. e4 {[%emt 0:01:54]} Bb4 {[%emt 0:04:26]} 11. Bc2 {[%emt 0:00:20]} O-O {[%emt 0:08:20]} 12. a3 {[%emt 0:00:37]} Ba5 {[%emt 0:00:47]} 13. Be3 {[%emt 0:00:52]} Rac8 {[%emt 0:05:07]} 14. b4 {[%emt 0:03:42]} Bc7 {[%emt 0:01:40]} 15. h3 {[%emt 0:02:31]} Bxf3 {[%emt 0:02:18]} 16. gxf3 {[%emt 0:00:03]} e5 {[%emt 0:00:54]} 17. Ne2 {[%emt 0:01:04]} Bb6 {[%emt 0:03:58]} 18. f4 {[%emt 0:05:58]} exd4 {[%emt 0:00:56]} 19. Nxd4 {[%emt 0:00:30]} g6 {[%emt 0:01:06]} 20. Rfd1 {[%emt 0:14:54]} c5 {[%emt 0:07:18]} 21. bxc5 {[%emt 0:00:30]} Nxc5 {[%emt 0:00:45]} 22. e5 {[%emt 0:01:06]} Nd5 {[%emt 0:03:28]} 23. Nf5 {[%emt 0:01:57]} Nxe3 {[%emt 0:02:00]} 24. Ne7+ {[%emt 0:00:09]} Kg7 {[%emt 0:00:11]} 25. fxe3 {[%emt 0:00:15]} Rcd8 {[%emt 0:05:20]} 26. Nd5 {[%emt 0:00:25]} Rd7 {[%emt 0:03:59]} 27. Nxb6 {[%emt 0:00:20]} Rxd1+ {[%emt 0:00:37]} 28. Rxd1 {[%emt 0:00:11]} axb6 {[%emt 0:00:03]} 29. Rd4 {[%emt 0:01:15]} Rc8 {[%emt 0:10:37]} 30. Bd1 {[%emt 0:06:30]} Ne6 {[%emt 0:02:21]} 31. Rd3 {[%emt 0:02:53]} Rc1 {[%emt 0:06:59]} 32. Kf2 {[%emt 0:01:01]} Nc5 {[%emt 0:02:56]} 33. Rd4 {[%emt 0:01:18]} b5 {[%emt 0:01:37]} 34. Be2 {[%emt 0:03:56]} Rc3 {[%emt 0:01:38]} 35. Bxb5 {[%emt 0:02:33]} Rxa3 {[%emt 0:00:06]} 36. Kf3 {[%emt 0:00:26]} Rb3 {[%emt 0:00:57]} 37. Bc4 {[%emt 0:00:34]} Rb2 {[%emt 0:01:21]} 38. Rd5 {[%emt 0:00:50]} b6 {[%emt 0:00:16]} 39. Rd6 {[%emt 0:00:23]} Rc2 {[%emt 0:02:46]} 40. Bd5 {[%emt 0:00:37]} Rd2 {[%emt 0:01:04]} 41. h4 {[%emt 0:34:14]} h5 {[%emt 0:30:49]} 42. e4 {[%emt 0:00:24]} Rd3+ {[%emt 0:00:14]} 43. Ke2 {[%emt 0:00:51]} Rd4 44. Kf3 {[%emt 0:07:37]} Rd3+ {[%emt 0:02:22]} 45. Kg2 {[%emt 0:01:20]} Rd2+ {[%emt 0:00:49]} 46. Kf1 {[%emt 0:00:50]} Rd1+ {[%emt 0:00:22]} 47. Ke2 {[%emt 0:00:09]} Rd4 {[%emt 0:00:04]} 48. Rf6 {[%emt 0:06:57]} Nxe4 {[%emt 0:01:09]} 49. Rxf7+ {[%emt 0:00:25]} Kg8 {[%emt 0:03:40]} 50. Be6 {[%emt 0:01:20]} Nc5 {[%emt 0:00:19]} 51. Ba2 {[%emt 0:01:03]} Kh8 {[%emt 0:02:40]} 52. Bb1 {[%emt 0:04:37]} b5 {[%emt 0:01:06]} 53. Bxg6 {[%emt 0:00:19]} b4 {[%emt 0:00:26]} 54. Ke3 {[%emt 0:00:44]} Rc4 {[%emt 0:00:35]} 55. Re7 {[%emt 0:04:29]} b3 {[%emt 0:00:29]} 56. f5 {[%emt 0:00:46]} Rg4 {[%emt 0:00:31]} 57. Re8+ {[%emt 0:01:43]} Kg7 {[%emt 0:00:05]} 58. Bxh5 {[%emt 0:04:28]} b2 {[%emt 0:00:31]} 59. f6+ {[%emt 0:00:53]} Kh7 {[%emt 0:00:44]} 60. Rb8 {[%emt 0:08:09]} Re4+ {[%emt 0:00:16]} 61. Kf3 {[%emt 0:00:22]} Rxe5 {[%emt 0:00:06]} 62. Bg4 {[%emt 0:02:19]} Kg6 {[%emt 0:00:21]} 63. Rxb2 {[%emt 0:00:09]} Kxf6 {[%emt 0:00:04]} 64. Rb6+ {[%emt 0:00:04]} Ne6 {[%emt 0:01:10]} 65. h5 {[%emt 0:00:30]} Kf7 {[%emt 0:00:15]} 66. h6 Nf8 {[%emt 0:00:25]} 67. Kg3 {[%emt 0:01:17]} Kg8 {[%emt 0:01:25]} 68. Kf4 {[%emt 0:00:14]} Re7 {[%emt 0:00:45]} 69. Bf5 {[%emt 0:00:25]} Rc7 {[%emt 0:00:19]} 70. Rb8 {[%emt 0:00:13]} Re7 {[%emt 0:00:42]} 71. h7+ {[%emt 0:00:27]} Kg7 {[%emt 0:00:25]} 72. Rxf8 {[%emt 0:00:13]} 1-0

[Event "Moscow Open-F 2019"]
[Site "Moscow"]
[Date "2019.02.01"]
[Round "8"]
[White "Matyunin, Maxim"]
[Black "Borisov, Mark V."]
[Result "1-0"]
[WhiteElo "2218"]
[BlackElo "1931"]
[Annotator "TA"]
[PlyCount "67"]
[EventDate "2019.01.26"]
[EventType "swiss"]
[EventCountry "RUS"]
[SourceTitle "playchess.com"]
[Source "ChessBase"]
[SourceQuality "1"]

{[%evp 9,67,66,148,141,146,129,153,147,145,154,158,156,152,165,198,170,192,186,189,120,119,116,122,123,143,114,129,110,109,100,97,108,294,279,466,465,627,623,585,620,643,646,646,637,647,641,646,654,636,629,592,564,1037,1031,1098,1138,1246,1121,1626,1583]} 1. d4 $146 (1. Nf3 d5 2. d4 Nf6 3. c4 {1-0 (38) Le,Q (2739)-Maghsoodloo,P (2569) Ashkhabad 2017}) ({Predecessor:} 1. Nf3 Nf6 2. c4 g6 3. Nc3 d5 4. Qa4+ Nbd7 5. cxd5 Bg7 6. e4 O-O {1-0 (49) Pileckis,E (2438)-Zaksaite,S (2201) Warsaw 2009}) 1... Nf6 2. Nf3 g6 3. c4 d5 4. cxd5 Bg7 (4... Nxd5 5. e4 Nb6 6. Nc3 Bg7 7. h3 O-O 8. Be3 Nc6 9. Bb5 f5 10. Qb3+ Kh8 11. Rd1 Na5 12. Qb4 a6 13. Qxa5 axb5 14. Qxb5 fxe4 15. Ng5 c6 16. Qb3 {1-0 (38) Le,Q (2739)-Maghsoodloo,P (2569) Ashkhabad 2017}) 5. Qa4+ Nbd7 (5... c6 $14) 6. Nc3 $16 {D70: Grünfeld: Unusual White 3rd moves (met by ...d5)} O-O {intending ...Nb6.} 7. e4 Nb6 8. Qc2 {White is clearly better.} e6 {[#]} 9. dxe6 $1 Bxe6 10. Be2 c6 11. O-O Qd7 ({Predecessor:} 11... Qe7) 12. Bg5 h6 13. Be3 Ng4 14. h3 ({White should try} 14. Bd2 $18) 14... Nxe3 15. fxe3 Rad8 16. Rad1 Qc8 17. Na4 h5 18. Nxb6 axb6 19. Bd3 Bh6 20. Rde1 g5 $2 (20... b5 $16 {keeps fighting.}) 21. Qe2 $18 Kg7 $2 {[#]} (21... Qc7 22. Nh2 g4 23. hxg4 h4) 22. Nxg5 $1 {[%mdl 512] White is clearly winning.} Bxg5 23. Qxh5 Bh6 24. Rf3 Rh8 {[#]} 25. Qe5+ $1 Kh7 26. Qf6 {Threatens to win with Rg3.} Rhg8 27. e5+ Rg6 28. Rg3 {[%mdl 64] Pin} Rdg8 29. h4 {And now h5 would win.} Bc4 30. Bc2 Qe6 31. h5 {[%mdl 64] Pin} R8g7 32. hxg6+ fxg6 33. Bxg6+ Kh8 34. Rh3 {Accuracy: White = 73%, Black = 27%.} 1-0

[Event "Moscow Open-F 2019"]
[Site "Moscow"]
[Date "2019.02.01"]
[Round "8"]
[White "Grachev, Andrey"]
[Black "Kuzub, Pavel"]
[Result "1-0"]
[WhiteElo "2181"]
[BlackElo "1976"]
[Annotator "TA"]
[PlyCount "59"]
[EventDate "2019.01.26"]
[EventType "swiss"]
[EventCountry "RUS"]
[SourceTitle "playchess.com"]
[Source "ChessBase"]
[SourceQuality "1"]

{[%evp 13,59,29,30,32,54,37,54,-21,69,68,56,76,59,43,136,135,154,163,300,297,327,259,497,414,395,413,530,413,522,550,610,647,633,618,633,470,469,466,448,429,462,369,363,386,375,363,29999,-429]} 1. e4 c5 2. Nf3 d6 3. d4 cxd4 4. Nxd4 Nf6 5. Nc3 a6 6. h3 g6 7. g4 Bg7 8. Be3 {B90: Sicilian Najdorf: Unusual White 6th moves, 6 Be3 Ng4 and 6 Be3 e5} b5 (8... O-O 9. Qd2 b5 10. Bg2 Bb7 11. a3 Nbd7 12. g5 Nh5 13. Bf3 Ne5 14. Bxh5 gxh5 15. O-O-O Rc8 {0-1 (41) Xiong,J (2656)-Shankland,S (2717) Montevideo 2018}) 9. Bg2 {Hoping for e5!} Bb7 10. Qd2 $146 (10. O-O $1 $14 b4 11. Nd5) ({Predecessor:} 10. O-O Nfd7 11. a4 bxa4 12. Rxa4 Nc5 13. Rb4 O-O 14. Ne6 fxe6 15. Bxc5 Bc6 {0-1 (34) Volkov,R (2127)-Elistratov,S (2406) St Petersburg 2017}) 10... h5 (10... Nbd7 $1 $11) 11. g5 $1 $14 {[%cal Rg5f6]} Nfd7 12. f4 Nb6 13. b3 b4 {[#]} ({Black should try} 13... e5 $14) 14. Nd5 $1 $36 {[%mdl 2048] White is really pushing.} Nxd5 15. exd5 Qa5 (15... a5 {was worth a try.} 16. O-O Ba6) 16. O-O $18 O-O {[#]} 17. a3 $1 {[%cal Ba2a3,Ba3b4][%mdl 544]} Rc8 $2 (17... Qc7 18. axb4 e5) (17... bxa3 18. Qxa5) 18. axb4 Qc7 19. c4 Nd7 20. Ra2 Nf8 21. f5 Re8 22. Qf2 e5 23. dxe6 Bxg2 24. Kxg2 {Strongly threatening fxg6.} Bxd4 25. exf7+ (25. Bxd4 Qb7+ 26. Kg3 gxf5 $18) 25... Qxf7 26. Bxd4 Re4 27. Re2 Qxf5 28. Rxe4 ({Don't take} 28. Qxf5 Rxe2+ 29. Kf3 gxf5 $18) 28... Qxe4+ 29. Kh2 {[%csl Gf1][%cal Rf2f7]} Ne6 $2 (29... Qe7 $18 30. Qg2 Re8) 30. Qd2 $4 {[%mdl 40960] Accuracy: White = 57%, Black = 21%. . Loss on time!?} (30. Qf7# {was the only winning move.}) 1-0